000 01461cam a2200337 i 4500
001 25501
003 Mx-PuUPA
005 20260223121513.0
008 140415s2016 mx d gr 000 0 spa d
020 _a9786074485707
040 _cMx-PuUPA
_aMx-PuUPA
_bspa
_dMx-PuUPA
_erda
041 0 _aspa
100 1 _aReyes Ortega, Michel André,
_eautor
_917842
245 1 0 _aRegulación emocional en la práctica clínica :
_buna guía para terapeutas /
_cMichel André Reyes Ortega, Edgar Antonio Tena Suck
250 _a1a. edición
264 1 _aCiudad de México :
_bEditorial El Manual Moderno,
_c©2016
300 _axvi, 110 páginas :
_bgráficas, diagramas, tablas ;
_c23 cm
336 _2rdacontent
_atexto
_btxt
337 _2rdamedia
_asin medio
_bn
338 _2rdacarrier
_avolumen
_bnc
650 7 _2armarc
_aEmociones y cognición
_xAspectos psicológicos
650 7 _2armarc
_aSalud
_xPsicología clínica
650 7 _2armarc
_aTerapia cognitiva
650 7 _2armarc
_aEmociones
_xAspectos psicológicos
700 1 _aTena Suck, Edgard Antonio,
_eautor
942 _2ddc
_cLI
_h152.4
_iR45
999 _c25501
_d25501